| 000 | 01409cam a2200265 a 4500 | ||
|---|---|---|---|
| 003 | EG-GiCUC | ||
| 005 | 20250223031029.0 | ||
| 008 | 140824s2013 ua f m 000 0 eng d | ||
| 040 |
_aEG-GiCUC _beng _cEG-GiCUC |
||
| 041 | 0 | _aeng | |
| 049 | _aGift | ||
| 097 | _aM.Sc | ||
| 099 | _aCai01.34.M.Sc.2013.Mi.A | ||
| 100 | 0 | _aMina Maged George Shehata | |
| 245 | 1 | 0 |
_aAnti - sway control of marine cranes under the disturbance of a parallel manipulator / _cMina Maged George Shehata ; Supervised Ayman Elbadawy |
| 260 |
_aCairo : _bMina Maged George Shehata , _c2013 |
||
| 300 |
_a79 Leaves ; _c30cm |
||
| 502 | _aThesis (M.Sc.) - German University - Faculty of Postgraduate Studies and Scientific Research - Department of Mechatronics Engineering | ||
| 520 | _aCranes are used to move loads from one location to another in minimum time such that the load reaches its destination without swinging. This swining problem gets aggravated in the presence of extenal disturbances such as in the case of marine cranes. This thesis investigates the modeling of a tower crane model and different types of control schemes for both anti - swaying and input tracking control for the tower crane model under continuous external disturbances | ||
| 700 | 0 |
_aAyman Elbadawy , _eSupervisor |
|
| 856 | _uhttp://172.23.153.220/th.pdf | ||
| 905 |
_aNazla _eRevisor |
||
| 905 |
_aSamia _eCataloger |
||
| 942 |
_2ddc _cTH |
||
| 999 |
_c46999 _d46999 |
||